000
00266nam a2200121Ia 4500
008
170620s9999 xx 000 0 und d
100
_a
MEHTA
245
0
_a
ORGANIC CHEMISTRY
260
_b
P.H.I.LEARNING
260
_c
2010
300
_a
1130
546
_a
English
690
_a
ORGANIC CHEMISTRY
999
_c
31270
_d
31270